| 000 | 01041cab a22002415a 4500 | ||
|---|---|---|---|
| 001 | L149589 | ||
| 008 | 100323e20100313xxk 000 0 eng d | ||
| 035 | _a(Sirsi) u149589 | ||
| 041 | 0 | _aeng | |
| 100 | 1 | _aMoffett, Lisa | |
| 245 | 0 | 0 | _aSeek and you won't be fined |
| 260 | _c2010 | ||
| 490 |
_aEstates Gazette _v(1010) 13 March 2010, 112-113(2) |
||
| 520 | _aLandlord and Tenant Act 1985 s20 requires residential landlords to consult with tenants when carrying out works to a building where the cost is recovered from the service charge. Sets out the procedure which should be followed and discusses qualifying works and qualifying long-term agreements. Refers to case law and dealing with urgent works. | ||
| 590 | _aKA | ||
| 650 | 2 | 4 | _aLANDLORD AND TENANT ACT 1985 S20 |
| 650 | 2 | 4 | _aHERON MAPLE HOUSE LTD V CENTRAL ESTATES LTD |
| 650 | 2 | 4 | _aOAKFERN PROPERTIES LTD V RUDDY |
| 650 | 2 | 4 | _aDAEJAN INVESTMENTS LTD V BENSON |
| 651 | 4 | _aENGLAND AND WALES | |
| 690 | _aPROPERTY-LEASEHOLD PROPERTY-LANDLORD AND TENANT | ||
| 942 | _n0 | ||
| 999 |
_c82218 _d82218 |
||